[Event "20th European Teams Women"]
[Site "Reykjavik ISL"]
[Date "2015.11.13"]
[Round "1.15"]
[Board "3"]
[White "Turunen, Tiina"]
[Black "Movileanu, Daniela"]
[Result "0-1"]
[BlackTitle "WFM"]
[WhiteElo "1764"]
[BlackElo "2192"]
[WhiteTeam "Finland"]
[BlackTeam "Italy"]
[WhiteFideId "510947"]
[BlackFideId "873349"]
[EventDate "2015.11.13"]

1. e4 c5 2. Nf3 d6 3. d4 cxd4 4. Nxd4 Nf6 5. Nc3 a6 6. Be2 e6 7. O-O Be7 8. Be3
O-O 9. Qd2 Nc6 10. f3 Qc7 11. f4 Bd7 12. Bf3 Rac8 13. a3 Na5 14. Bf2 Nc4 15. Qc1
b5 16. Re1 Rfd8 17. Re2 g6 18. Nd1 e5 19. Nb3 Be6 20. Nd2 exf4 21. Nxc4 Bxc4 22.
Rd2 d5 23. exd5 Bxd5 24. Bxd5 Nxd5 25. Bd4 Bc5 26. c3 Ne3 27. Qb1 Nc4 28. Rd3
Qe5 29. Bxc5 Qe1# 0-1

[Event "20th European Teams Women"]
[Site "Reykjavik ISL"]
[Date "2015.11.13"]
[Round "1.15"]
[Board "4"]
[White "Santeramo, Alessia"]
[Black "Kujasalo, Marjatta"]
[Result "1-0"]
[WhiteTitle "WFM"]
[WhiteElo "2041"]
[BlackElo "1605"]
[WhiteTeam "Italy"]
[BlackTeam "Finland"]
[WhiteFideId "850810"]
[BlackFideId "507466"]
[EventDate "2015.11.13"]

1. e4 g6 2. d4 Bg7 3. Nc3 d6 4. Be3 Nf6 5. Nf3 a6 6. Bd3 O-O 7. Qd2 b6 8. Bh6 c5
9. h4 Bg4 10. Bxg7 Kxg7 11. e5 dxe5 12. dxe5 Nd5 13. Be4 e6 14. h5 Rh8 15. h6+
Kf8 16. O-O-O Nc6 17. Nxd5 exd5 18. Bxd5 Qc7 19. Qg5 Bxf3 20. Bxf3 Re8 21. Qf6
Qxe5 22. Qxc6 1-0

[Event "20th European Teams Women"]
[Site "Reykjavik ISL"]
[Date "2015.11.14"]
[Round "2.1"]
[Board "2"]
[White "Vojinovic, Jovana"]
[Black "Matnadze, Ana"]
[Result "1-0"]
[WhiteTitle "WGM"]
[BlackTitle "IM"]
[WhiteElo "2295"]
[BlackElo "2353"]
[WhiteTeam "Serbia"]
[BlackTeam "Spain"]
[WhiteFideId "937266"]
[BlackFideId "13601377"]
[EventDate "2015.11.13"]

1. d4 Nf6 2. c4 b6 3. Nf3 Bb7 4. g3 g6 5. Bg2 Bg7 6. Nc3 Ne4 7. Qc2 Nxc3 8. bxc3
f5 9. d5 O-O 10. h4 Qe8 11. h5 gxh5 12. Nd4 Qg6 13. Bf3 c5 14. Nb5 Na6 15. Rb1
e5 16. Bxh5 Qf6 17. e4 f4 18. Bg4 fxg3 19. f3 Qg6 20. Qg2 Rf4 21. Bxf4 exf4 22.
Bf5 Qf6 23. Rxh7 Re8 24. Kd2 Re7 25. Rb3 Nb8 26. Nxa7 Ba6 27. Qf1 d6 28. Nb5
Bxb5 29. cxb5 Ra7 30. a3 g2 31. Qxg2 c4 32. Rb2 Qxc3+ 33. Kd1 Kf8 34. Be6 Rxa3
35. Qxg7+ Qxg7 36. Rxg7 Kxg7 37. Rb4 Rc3 38. Bg4 Kf6 39. Kd2 Rd3+ 40. Kc2 Rd4
41. Ra4 Ke5 42. Ra8 Rd3 43. Rxb8 Kd4 44. Rxb6 c3 45. Rc6 Rd2+ 46. Kb3 Rb2+ 47.
Ka4 Ra2+ 48. Kb4 Rb2+ 49. Ka5 Ra2+ 50. Kb6 Ra4 51. Bf5 Ra3 52. Kc7 c2 53. Rxc2
Rxf3 54. b6 Rg3 55. b7 1-0

[Event "20th European Teams Women"]
[Site "Reykjavik ISL"]
[Date "2015.11.14"]
[Round "2.1"]
[Board "3"]
[White "Hernandez Estevez, Yudania"]
[Black "Chelushkina, Irina"]
[Result "0-1"]
[WhiteTitle "WIM"]
[BlackTitle "WGM"]
[WhiteElo "2207"]
[BlackElo "2271"]
[WhiteTeam "Spain"]
[BlackTeam "Serbia"]
[WhiteFideId "2219344"]
[BlackFideId "928615"]
[EventDate "2015.11.13"]

1. e4 d6 2. d4 c6 3. Nc3 e5 4. Nf3 Nd7 5. a4 Be7 6. Bc4 Ngf6 7. O-O O-O 8. Re1
a5 9. h3 exd4 10. Qxd4 Nc5 11. b3 Ncxe4 12. Nxe4 d5 13. Bb2 dxe4 14. Rxe4 Qxd4
15. Rxd4 Bf5 16. Bd3 c5 17. Rf4 Bxd3 18. cxd3 Ra6 19. d4 Rb6 20. Nd2 Rd8 21. Ba3
Re6 22. Nf3 Nd5 23. Rf5 f6 24. Nd2 cxd4 25. Bxe7 Rxe7 26. Nc4 d3 27. Rd1 Nc3 28.
Rd2 Re1+ 29. Kh2 Ne4 0-1

[Event "20th European Teams Women"]
[Site "Reykjavik ISL"]
[Date "2015.11.14"]
[Round "2.1"]
[Board "4"]
[White "Zarkovic, Mila"]
[Black "Calzetta Ruiz, Monica"]
[Result "0-1"]
[WhiteTitle "WIM"]
[BlackTitle "WGM"]
[WhiteElo "2179"]
[BlackElo "2252"]
[WhiteTeam "Serbia"]
[BlackTeam "Spain"]
[WhiteFideId "900451"]
[BlackFideId "2204185"]
[EventDate "2015.11.13"]

1. e4 c5 2. Nf3 Nc6 3. d4 cxd4 4. Nxd4 g6 5. Nc3 Bg7 6. Nb3 Nf6 7. Bg5 O-O 8.
Qd2 a6 9. O-O-O b5 10. f3 b4 11. Nd5 a5 12. Nxf6+ exf6 13. Bh6 a4 14. Nc5 Bxh6
15. Qxh6 Qb6 16. Nd3 b3 17. cxb3 axb3 18. a3 d5 19. Kb1 dxe4 20. Nf4 Qe3 21. Bb5
exf3 22. Bxc6 Bf5+ 23. Ka1 Rxa3+ 24. bxa3 Qc3# 0-1

[Event "20th European Teams Women"]
[Site "Reykjavik ISL"]
[Date "2015.11.14"]
[Round "2.2"]
[Board "1"]
[White "Zimina, Olga"]
[Black "Mamedjarova, Zeinab"]
[Result "1-0"]
[WhiteTitle "IM"]
[BlackTitle "WGM"]
[WhiteElo "2364"]
[BlackElo "2235"]
[WhiteTeam "Italy"]
[BlackTeam "Azerbaijan"]
[WhiteFideId "4132190"]
[BlackFideId "13401521"]
[EventDate "2015.11.13"]

1. Nf3 e6 2. c4 d5 3. d4 Nf6 4. g3 Be7 5. Bg2 O-O 6. O-O c5 7. cxd5 exd5 8. Nc3
Nc6 9. Bg5 cxd4 10. Nxd4 h6 11. Be3 Re8 12. Qa4 Nxd4 13. Qxd4 Be6 14. Rfd1 Qa5
15. Qa4 Qxa4 16. Nxa4 b6 17. Nc3 Rac8 18. Bd4 Red8 19. Rac1 Ne4 20. Nb5 Rxc1 21.
Rxc1 Bc5 22. Bxc5 Nxc5 23. Nd4 Kf8 24. b4 Na6 25. a3 Ke8 26. Nb5 Rd7 27. e3 Kd8
28. Rd1 Ke7 29. f4 Kd8 30. Bf3 g6 31. g4 f5 32. h3 Ke7 33. Kf2 g5 34. Nd4 fxg4
35. hxg4 Nc7 36. Rh1 Rd6 37. Rxh6 a5 38. Rg6 axb4 39. axb4 gxf4 40. exf4 Bd7 41.
Rxd6 Kxd6 42. g5 Na6 43. Nc2 Ba4 44. Be2 b5 45. Nd4 Nxb4 46. g6 Ke7 47. f5 Kf6
48. Kg3 Nc2 49. Ne6 Ne3 50. Bd3 Bc2 51. g7 Kf7 52. Bxc2 Nxc2 53. f6 Ne3 54. Kf4
Nc4 55. Kg5 Ne5 56. Kf5 Nd7 57. Ng5+ Kg8 58. Ke6 d4 59. Kxd7 d3 60. Ke7 1-0

[Event "20th European Teams Women"]
[Site "Reykjavik ISL"]
[Date "2015.11.14"]
[Round "2.2"]
[Board "2"]
[White "Mammadova, Gulnar"]
[Black "Sedina, Elena"]
[Result "1/2-1/2"]
[WhiteTitle "WGM"]
[BlackTitle "IM"]
[WhiteElo "2303"]
[BlackElo "2305"]
[WhiteTeam "Azerbaijan"]
[BlackTeam "Italy"]
[WhiteFideId "13403508"]
[BlackFideId "812153"]
[EventDate "2015.11.13"]

1. e4 e6 2. d4 d5 3. Nc3 Nf6 4. Bg5 dxe4 5. Nxe4 Nbd7 6. Nf3 h6 7. Nxf6+ Nxf6 8.
Bh4 c5 9. Bd3 Qa5+ 10. c3 cxd4 11. Nxd4 Bd7 12. O-O Bd6 13. Qf3 Qh5 14. Bg3 Qxf3
15. Nxf3 Bxg3 16. hxg3 Ke7 17. Rfe1 Rhd8 18. Ne5 Be8 19. Rad1 Nd7 20. Nf3 Nc5
21. Bc2 Rxd1 22. Rxd1 Rc8 23. Rd2 f6 24. Nd4 Ba4 25. Bxa4 Nxa4 26. Re2 e5 27.
Nf5+ Kf8 28. Rd2 Rc7 29. Kf1 h5 30. Ke2 a6 31. Ne3 Kf7 32. g4 hxg4 33. Nxg4 Ke6
34. Ne3 b5 35. g4 g6 36. Nd5 Rd7 37. Nb4 Rxd2+ 38. Kxd2 a5 39. Nc6 Nxb2 40. Nxa5
Kd5 41. Ke2 Na4 42. Kd3 Nc5+ 43. Ke3 Na4 44. Kd3 Nc5+ 45. Ke3 f5 46. gxf5 gxf5
47. f3 f4+ 48. Ke2 e4 49. c4+ bxc4 50. fxe4+ Nxe4 51. Nxc4 1/2-1/2

[Event "20th European Teams Women"]
[Site "Reykjavik ISL"]
[Date "2015.11.14"]
[Round "2.2"]
[Board "4"]
[White "Abdulla, Khayala"]
[Black "Movileanu, Daniela"]
[Result "1/2-1/2"]
[WhiteTitle "WGM"]
[BlackTitle "WFM"]
[WhiteElo "2283"]
[BlackElo "2192"]
[WhiteTeam "Azerbaijan"]
[BlackTeam "Italy"]
[WhiteFideId "13401807"]
[BlackFideId "873349"]
[EventDate "2015.11.13"]

1. e4 c5 2. Nf3 g6 3. d4 cxd4 4. Qxd4 Nf6 5. e5 Nc6 6. Qa4 Nd5 7. Qe4 Nb6 8. Nc3
Bg7 9. Bf4 d5 10. exd6 Bf5 11. Qe3 O-O 12. O-O-O exd6 13. Rxd6 Qc8 14. Bh6 Re8
15. Qd2 Bh8 16. Bb5 a6 17. Be2 Qc7 18. Bf4 Ne5 19. Nxe5 Bxe5 20. Bxe5 Rxe5 21.
g4 Bxc2 22. Rxb6 Qxb6 23. Kxc2 Rd8 24. Bd3 Qd4 25. Rd1 Qxg4 26. f4 Re6 27. Qf2
Red6 28. Qe3 Re6 29. Qg3 Qxg3 30. hxg3 Re3 31. g4 Rd4 32. g5 Rxf4 33. Nd5 Rf2+
34. Kc3 Re6 35. Nf6+ Kf8 36. Nxh7+ Ke7 37. Nf6 Rc6+ 38. Kd4 Rxb2 39. Nd5+ Kf8
40. Bc4 Rg2 41. Nf6 Rd6+ 42. Bd5 Rxa2 43. Kc5 Rd8 44. Rh1 Ra5+ 45. Kd4 Ke7 46.
Ke5 Rd6 47. Rh7 Re6+ 48. Kf4 Ra4+ 49. Ne4 b5 50. Bxe6 Kxe6 51. Rh8 Ra1 52. Re8+
Kd5 53. Rd8+ Kc4 54. Ke5 Re1 55. Rd4+ Kb3 56. Kf6 Rf1+ 57. Kg7 Rf5 58. Rd3+ Kb4
59. Rg3 a5 60. Nd6 Rf4 61. Nxf7 a4 62. Ne5 Re4 63. Nd3+ Kc4 64. Nb2+ Kb4 65.
Nd3+ Kc4 66. Nb2+ Kb4 67. Kxg6 a3 68. Nd3+ Kc4 69. Nc1 b4 70. Kf5 Re1 71. Na2
Re8 72. Rg4+ Kb3 73. Nxb4 Rb8 74. Nd3 Kc2 75. Ne1+ Kb1 76. Ra4 a2 77. Nc2 Rc8
78. Na3+ Kb2 79. Nb5 Rc5+ 80. Kf6 Rxb5 81. g6 Rb6+ 1/2-1/2

[Event "20th European Teams Women"]
[Site "Reykjavik ISL"]
[Date "2015.11.14"]
[Round "2.4"]
[Board "3"]
[White "Zhukova, Natalia"]
[Black "Rajlich, Iweta"]
[Result "1-0"]
[WhiteTitle "GM"]
[BlackTitle "IM"]
[WhiteElo "2480"]
[BlackElo "2389"]
[WhiteTeam "Ukraine"]
[BlackTeam "Poland"]
[WhiteFideId "14101513"]
[BlackFideId "1108166"]
[EventDate "2015.11.13"]

1. c4 Nf6 2. Nc3 g6 3. e4 d6 4. d4 Bg7 5. Nf3 O-O 6. Be2 Nbd7 7. O-O e5 8. Qc2
h6 9. Rd1 Re8 10. dxe5 dxe5 11. b4 c6 12. a4 Qc7 13. a5 Nf8 14. h3 Ne6 15. Be3
Nh7 16. b5 Nhg5 17. Nxg5 hxg5 18. Bxa7 Nd4 19. Qb2 Be6 20. Bb6 Qc8 21. Bf1 g4
22. hxg4 Bxg4 23. Rdb1 Bf6 24. a6 bxa6 25. bxc6 Qxc6 26. Nd5 Rab8 27. Rxa6 Bg5
28. Qa2 Qc8 29. Ra3 Be6 30. Rg3 Bxd5 31. exd5 Bf4 32. Rh3 Ra8 33. Qb2 Rb8 34.
Qa2 Ra8 35. Qb2 Rb8 36. c5 Kg7 37. c6 Rh8 38. Qc3 Qf5 39. Rb2 Rxh3 40. Qxh3 Rh8
41. Qxf5 Bh2+ 42. Kh1 gxf5 43. Ba6 Bf4+ 44. Kg1 Ra8 45. Ra2 Rb8 46. c7 Rxb6 47.
c8=Q Rb1+ 48. Bf1 e4 49. g3 Nf3+ 50. Kg2 Ne1+ 51. Kh3 Nf3 52. Ra8 1-0

[Event "20th European Teams Women"]
[Site "Reykjavik ISL"]
[Date "2015.11.14"]
[Round "2.5"]
[Board "4"]
[White "Bodnaruk, Anastasia"]
[Black "Kursova, Maria"]
[Result "0-1"]
[WhiteTitle "IM"]
[BlackTitle "WGM"]
[WhiteElo "2459"]
[BlackElo "2307"]
[WhiteTeam "Russia"]
[BlackTeam "Armenia"]
[WhiteFideId "4181751"]
[BlackFideId "4129709"]
[EventDate "2015.11.13"]

1. e4 c5 2. Nf3 a6 3. d4 cxd4 4. Nxd4 Nf6 5. Bd3 e5 6. Nb3 Bb4+ 7. c3 Be7 8. c4
h6 9. Nc3 O-O 10. O-O d6 11. h3 Be6 12. Be3 Nfd7 13. Be2 Nc6 14. Nd5 Bg5 15. Nd2
Rc8 16. Rc1 Ne7 17. Bxg5 hxg5 18. Ne3 Nc6 19. Bd3 Qf6 20. Nf3 Rfd8 21. Bb1 Nf8
22. Qd2 Qf4 23. Qe2 g4 24. hxg4 Bxg4 25. Nxg4 Qxg4 26. Nd4 Qg5 27. Nxc6 Rxc6 28.
Qe3 Ne6 29. Qxg5 Nxg5 30. f4 exf4 31. Rxf4 Ne6 32. Rff1 Kf8 33. Kf2 Rdc8 34. b3
b5 35. Bd3 Nf4 36. Ke3 Nxg2+ 37. Kd4 Nh4 38. Ra1 Rc5 39. cxb5 axb5 40. a4 bxa4
41. b4 Rc3 42. Rxa4 Ng6 43. b5 Ne5 44. Be2 Rc2 45. Re1 Rd2+ 46. Ke3 Rb2 47. Raa1
Rcc2 48. Ra3 Ke7 49. Bf1 g5 50. Ra7+ Ke6 51. Re2 Rc3+ 52. Kf2 Rxb5 53. Rd2 Rb6
54. Be2 Rh3 55. Kg2 Rh4 56. Ra4 Rf4 57. Rad4 Ke7 58. Bd1 Ng6 59. Ra4 Nh4+ 60.
Kg3 f5 61. exf5 Nxf5+ 62. Kh3 Rxa4 63. Bxa4 Rb4 64. Re2+ Kf6 65. Bd7 Rh4+ 66.
Kg2 Nd4 67. Re8 Kf7 68. Re1 Rf4 69. Re3 Nf5 70. Rd3 Ke7 71. Bc8 d5 72. Bb7 d4
73. Bc8 Nd6 74. Ba6 Kf6 75. Rf3 Ke5 76. Rg3 g4 77. Ra3 Re4 78. Kf2 Kf4 79. Bf1
Nf5 80. Ra1 Ne3 81. Bd3 g3+ 82. Kg1 Re5 83. Ra4 Rd5 84. Rb4 g2 85. Kf2 Ke5 86.
Rb5 Rxb5 87. Bxb5 Ke4 88. Ba6 d3 89. Bb5 d2 90. Be2 Kd4 91. Bf3 Kc3 92. Be2 Kb2
93. Kg1 Kc1 0-1

[Event "20th European Teams Women"]
[Site "Reykjavik ISL"]
[Date "2015.11.14"]
[Round "2.6"]
[Board "2"]
[White "Bulmaga, Irina"]
[Black "Guichard, Pauline"]
[Result "1/2-1/2"]
[WhiteTitle "IM"]
[BlackTitle "WGM"]
[WhiteElo "2391"]
[BlackElo "2338"]
[WhiteTeam "Romania"]
[BlackTeam "France"]
[WhiteFideId "13903063"]
[BlackFideId "639370"]
[EventDate "2015.11.13"]

1. e4 e5 2. Nf3 Nc6 3. Bb5 a6 4. Ba4 Nge7 5. Nc3 d6 6. O-O Bd7 7. a3 g6 8. d4
Bg7 9. dxe5 Nxe5 10. Nxe5 Bxe5 11. Bb3 Nc6 12. Ne2 O-O 13. c3 Qh4 14. f4 Bg7 15.
Ng3 Rae8 16. Bd5 Be6 17. Bxc6 bxc6 18. Qa4 f5 19. Qxc6 fxe4 20. Qxc7 d5 21. Be3
Rb8 22. Rf2 d4 23. Bxd4 Bxd4 24. cxd4 e3 25. Re2 Qxf4 26. Qxf4 Rxf4 27. Rxe3 Bd5
28. Ne2 Rg4 29. g3 Rxb2 30. Rc1 Re4 31. Rxe4 Bxe4 32. Kf2 Bd3 33. Re1 Ra2 34.
Ke3 Rxa3 35. Kf4 Bc4 36. Ke4 Ra2 37. Nf4 g5 38. Nd3 Bxd3+ 39. Kxd3 Kf7 40. d5
Rxh2 41. Kd4 h5 42. d6 h4 43. gxh4 gxh4 44. Kc5 h3 45. d7 Rd2 46. Kc6 h2 47. Kc7
Rc2+ 48. Kb8 Rd2 49. Kc8 Rc2+ 50. Kb8 1/2-1/2

[Event "20th European Teams Women"]
[Site "Reykjavik ISL"]
[Date "2015.11.14"]
[Round "2.7"]
[Board "1"]
[White "Paehtz, Elisabeth"]
[Black "Mueller-Seps, Monika"]
[Result "1-0"]
[WhiteTitle "IM"]
[BlackTitle "WGM"]
[WhiteElo "2462"]
[BlackElo "2272"]
[WhiteTeam "Germany"]
[BlackTeam "Switzerland"]
[WhiteFideId "4641833"]
[BlackFideId "1308521"]
[EventDate "2015.11.13"]

1. d4 Nf6 2. c4 g6 3. Nc3 Bg7 4. e4 d6 5. Nf3 O-O 6. Be2 Bg4 7. Be3 Nfd7 8. Qd2
e5 9. d5 a5 10. Ng1 Bxe2 11. Ngxe2 Na6 12. f3 Nac5 13. O-O f5 14. Kh1 Nf6 15.
exf5 gxf5 16. Rad1 Nfd7 17. f4 Qe7 18. b3 Rf7 19. fxe5 dxe5 20. Bg5 Qf8 21. Ng3
e4 22. Nb5 Be5 23. Bh6 e3 24. Qxe3 f4 25. Bxf8 fxe3 26. Bxc5 Nxc5 27. Rxf7 Kxf7
28. Rf1+ Kg6 29. Rf3 e2 30. Nxe2 a4 31. b4 Nd7 32. Re3 Rf8 33. Kg1 c6 34. dxc6
bxc6 35. Nbc3 a3 36. b5 cxb5 37. Nxb5 Rc8 38. Nxa3 Kg7 39. Rd3 Nb6 40. g3 Nxc4
41. Nxc4 Rxc4 42. Rd7+ Kg6 43. Re7 Bf6 44. Ra7 Bd4+ 45. Nxd4 Rxd4 46. Kg2 Rd2+
47. Kh3 h5 48. a4 Ra2 49. a5 Ra4 50. Ra8 Kh6 51. a6 Kg7 52. Kg2 Ra2+ 53. Kf3
Rxh2 54. Rb8 Ra2 55. Rb7+ Kg6 56. a7 Ra4 57. Ke3 Kf5 58. Kd3 Kg4 59. Rb4+ 1-0

[Event "20th European Teams Women"]
[Site "Reykjavik ISL"]
[Date "2015.11.14"]
[Round "2.7"]
[Board "2"]
[White "Heinatz, Gundula"]
[Black "Schleining, Zoya"]
[Result "1/2-1/2"]
[WhiteTitle "WIM"]
[BlackTitle "WGM"]
[WhiteElo "2204"]
[BlackElo "2354"]
[WhiteTeam "Switzerland"]
[BlackTeam "Germany"]
[WhiteFideId "4612434"]
[BlackFideId "4671660"]
[EventDate "2015.11.13"]

1. d4 Nf6 2. g3 d5 3. Bg2 c6 4. Nf3 Bf5 5. O-O e6 6. c4 Nbd7 7. Nc3 dxc4 8. a4
a5 9. Bf4 Bb4 10. Nh4 Bg4 11. h3 Bh5 12. Rc1 Nd5 13. Bd2 O-O 14. Qe1 Be7 15. Nf3
Nb4 16. Ne4 Bg6 17. Nc3 Nb6 18. Bf4 N4d5 19. Qd1 Nxf4 20. gxf4 Nd5 21. e3 Bd3
22. Ne2 f6 23. Nd2 b5 24. Kh1 Bb4 25. Rg1 e5 26. axb5 cxb5 27. Nc3 Bxc3 28. bxc3
Ra7 29. f5 exd4 30. cxd4 Ne7 31. Ne4 Bxe4 32. Bxe4 Rf7 33. Qh5 Qf8 34. Rg4 Kh8
35. Rcg1 a4 36. Rh4 Qg8 37. d5 Rd7 38. Rb1 Nc8 39. Rxb5 Rf8 40. Rb8 h6 41. Qd1
a3 42. Ra8 Nd6 43. Rxa3 Nxe4 44. Rxe4 Qxd5 45. Qxd5 Rxd5 1/2-1/2

[Event "20th European Teams Women"]
[Site "Reykjavik ISL"]
[Date "2015.11.14"]
[Round "2.7"]
[Board "3"]
[White "Ohme, Melanie"]
[Black "Stoeri, Laura"]
[Result "1-0"]
[WhiteTitle "WGM"]
[BlackTitle "WFM"]
[WhiteElo "2301"]
[BlackElo "2115"]
[WhiteTeam "Germany"]
[BlackTeam "Switzerland"]
[WhiteFideId "4690745"]
[BlackFideId "1304313"]
[EventDate "2015.11.13"]

1. e4 e5 2. Nf3 Nc6 3. d4 exd4 4. Nxd4 Nf6 5. Nxc6 bxc6 6. e5 Qe7 7. Qe2 Nd5 8.
c4 Ba6 9. Nd2 Nb4 10. Nf3 c5 11. b3 Bb7 12. Bb2 Qe6 13. a3 Nc6 14. Qe3 Be7 15.
Bd3 h6 16. O-O Rb8 17. Nd2 Ba8 18. Rae1 Nd4 19. Bxd4 cxd4 20. Qxd4 Qb6 21. Qg4
Bg5 22. Ne4 Bxe4 23. Bxe4 O-O 24. Qf5 g6 25. Qxd7 Rfd8 26. Qg4 Bd2 27. Re2 Qxb3
28. Bd5 Rxd5 29. cxd5 Qxd5 30. e6 Bg5 31. h4 Bf6 32. exf7+ Kxf7 33. Rc2 Be5 34.
Rd1 Qe6 35. Qf3+ Kg7 36. Re2 Qd6 37. Rde1 Rf8 38. Qg4 Rf4 39. Qh3 Qd4 40. Qe3
Qxe3 41. Rxe3 Bd4 42. Re7+ Kf6 43. R1e6+ Kf5 44. Rf7+ Kxe6 45. Rxf4 c5 46. Kf1
g5 47. hxg5 hxg5 48. Rf8 Bb2 49. a4 a5 50. Ke2 Ke5 51. Kd3 Ba3 52. Kc4 Bb4 53.
g3 Ke6 54. f4 gxf4 55. Rxf4 Ke5 56. Rf1 1-0

[Event "20th European Teams Women"]
[Site "Reykjavik ISL"]
[Date "2015.11.14"]
[Round "2.7"]
[Board "4"]
[White "Georgescu, Lena"]
[Black "Heinemann, Josefine"]
[Result "0-1"]
[WhiteElo "2014"]
[BlackElo "2224"]
[WhiteTeam "Switzerland"]
[BlackTeam "Germany"]
[WhiteFideId "1331973"]
[BlackFideId "12900460"]
[EventDate "2015.11.13"]

1. e4 c5 2. Nc3 Nc6 3. Bb5 Nd4 4. Bc4 e6 5. Nge2 Nf6 6. O-O a6 7. d3 b5 8. Bb3
Nxb3 9. axb3 Bb7 10. f4 d5 11. e5 d4 12. exf6 dxc3 13. f5 Qd5 14. Nf4 Qd4+ 15.
Kh1 cxb2 16. Bxb2 Qxb2 17. fxe6 Qxf6 18. exf7+ Kd8 19. Qe1 Qc6 20. Qe5 Qd6 21.
Qc3 Kd7 22. d4 cxd4 23. Qh3+ Kc6 24. Rae1 g5 25. Nd3 Kc7 26. Rf2 Rd8 27. Rfe2 h5
28. Qf5 Rh6 29. Qxg5 Rg6 30. Qxh5 Rh6 31. Qe5 Qxe5 32. Nxe5 Bd6 33. Kg1 Rf8 34.
Rf2 Re6 35. Nd3 Rxe1+ 36. Nxe1 Bd5 37. Nf3 Rxf7 38. Kf1 Bc5 39. h4 d3 40. Rd2
Bxf3 41. gxf3 Rxf3+ 42. Kg2 Rf2+ 43. Rxf2 Bxf2 44. cxd3 Bxh4 45. Kf3 Kd6 46. Ke2
Kd5 47. Kd2 Kd4 48. Kc2 Bg5 49. b4 Be7 0-1

[Event "20th European Teams Women"]
[Site "Reykjavik ISL"]
[Date "2015.11.14"]
[Round "2.8"]
[Board "1"]
[White "Lazarne Vajda, Szidonia"]
[Black "Daulyte, Deimante"]
[Result "1/2-1/2"]
[WhiteTitle "IM"]
[BlackTitle "IM"]
[WhiteElo "2358"]
[BlackElo "2369"]
[WhiteTeam "Hungary"]
[BlackTeam "Lithuania"]
[WhiteFideId "723894"]
[BlackFideId "12802859"]
[EventDate "2015.11.13"]

1. d4 d5 2. c4 e6 3. g3 Nf6 4. Bg2 Be7 5. Nf3 O-O 6. O-O Nbd7 7. b3 b6 8. Qc2
Bb7 9. Nc3 Rc8 10. cxd5 Nxd5 11. Nxd5 exd5 12. Bb2 c5 13. dxc5 bxc5 14. Rfd1 Bf6
15. Ne1 Bxb2 16. Qxb2 Nf6 17. Nd3 Qb6 18. Rac1 Rfe8 19. e3 Red8 20. h4 h6 21.
Rc2 Ba6 22. Nf4 d4 23. exd4 Rxd4 24. Qc1 Rxd1+ 25. Qxd1 c4 26. Qc1 Qb4 27. Nd3
Qd6 28. Nb2 Re8 29. Nxc4 Qb4 30. Ne3 Bd3 31. Rc3 Ba6 32. Rc7 Qd4 33. Qc3 Qb6 34.
Rc6 Qb5 35. Bf1 Rxe3 36. Bxb5 Rxc3 37. Rxa6 Rc7 38. Kg2 Nd5 39. Rd6 Nc3 40. Bd3
Kf8 41. a3 Rb7 42. Bc4 Nb5 43. Ra6 Nd4 44. b4 Rc7 45. Bd5 h5 46. a4 Nc2 47. Be4
Nxb4 1/2-1/2

[Event "20th European Teams Women"]
[Site "Reykjavik ISL"]
[Date "2015.11.14"]
[Round "2.8"]
[Board "2"]
[White "Zaksaite, Salomeja"]
[Black "Madl, Ildiko"]
[Result "0-1"]
[WhiteTitle "WIM"]
[BlackTitle "IM"]
[WhiteElo "2196"]
[BlackElo "2343"]
[WhiteTeam "Lithuania"]
[BlackTeam "Hungary"]
[WhiteFideId "12801496"]
[BlackFideId "700550"]
[EventDate "2015.11.13"]

1. e4 c5 2. Nf3 d6 3. d4 cxd4 4. Nxd4 Nf6 5. Nc3 Nc6 6. Bc4 e6 7. Be3 a6 8. Qe2
Qc7 9. Bb3 Na5 10. O-O-O b5 11. f4 Nxb3+ 12. axb3 Bb7 13. f5 b4 14. Na4 e5 15.
Nf3 Bxe4 16. Rhf1 Be7 17. Ne1 Bc6 18. Nb6 Rb8 19. Qxa6 O-O 20. Nd3 Ng4 21. Bg1
Bg5+ 22. Kb1 Ne3 23. Bxe3 Bxe3 24. Nc4 Ra8 25. Qxc6 Qxc6 26. Nxe3 Rfb8 27. Kc1
f6 28. g4 d5 29. g5 d4 30. Ng4 e4 31. Nf4 Ra1+ 32. Kd2 e3+ 33. Kd3 Qb5+ 34. Ke4
e2 0-1

[Event "20th European Teams Women"]
[Site "Reykjavik ISL"]
[Date "2015.11.14"]
[Round "2.8"]
[Board "3"]
[White "Papp, Petra"]
[Black "Batyte, Daiva"]
[Result "1/2-1/2"]
[WhiteTitle "WGM"]
[BlackTitle "WFM"]
[WhiteElo "2303"]
[BlackElo "2147"]
[WhiteTeam "Hungary"]
[BlackTeam "Lithuania"]
[WhiteFideId "739049"]
[BlackFideId "12801860"]
[EventDate "2015.11.13"]

1. e4 e6 2. d4 d5 3. Nd2 dxe4 4. Nxe4 Nd7 5. Nf3 Be7 6. Bd3 Ngf6 7. Qe2 c5 8. c3
cxd4 9. Nxd4 a6 10. O-O Ne5 11. Bc2 Bd7 12. Re1 Nc6 13. Nf3 Qc7 14. Nxf6+ gxf6
15. a4 Bd6 16. Be3 Ne5 17. Nxe5 Bxe5 18. g3 h5 19. Bd4 Bxd4 20. cxd4 h4 21. Be4
hxg3 22. fxg3 Qb6 23. Qf2 Ke7 24. a5 Qb4 25. Rad1 Ba4 26. b3 Bb5 27. Bxb7 Rab8
28. Bg2 Qxa5 29. d5 Qb6 30. Re3 Rh5 31. d6+ Kd7 32. Rc3 Qxf2+ 33. Kxf2 Rc8 34.
Rxc8 Kxc8 35. h4 Kd7 36. Bf3 Rc5 37. Rd2 f5 38. h5 Rc8 39. g4 fxg4 40. Bxg4 f5
41. Bf3 Rh8 42. Kg3 e5 43. Bd1 Rg8+ 44. Kh4 e4 45. h6 e3 46. Rh2 Bd3 47. h7 Rh8
48. Kg5 Kxd6 49. Kf4 e2 50. Bxe2 Bxe2 51. Rxe2 Rxh7 52. Ra2 1/2-1/2

[Event "20th European Teams Women"]
[Site "Reykjavik ISL"]
[Date "2015.11.14"]
[Round "2.8"]
[Board "4"]
[White "Zykiene, Rita"]
[Black "Gara, Ticia"]
[Result "0-1"]
[BlackTitle "WGM"]
[WhiteElo "1913"]
[BlackElo "2353"]
[WhiteTeam "Lithuania"]
[BlackTeam "Hungary"]
[WhiteFideId "12801348"]
[BlackFideId "717444"]
[EventDate "2015.11.13"]

1. d4 Nf6 2. c4 e6 3. Nf3 b6 4. g3 Bb7 5. Bg2 c5 6. e3 Be7 7. O-O O-O 8. Nc3
cxd4 9. exd4 d6 10. d5 e5 11. Nd2 Nbd7 12. f4 exf4 13. Rxf4 Ne5 14. Nde4 Nxe4
15. Bxe4 g6 16. b3 f5 17. Bc2 Bg5 18. Rf1 Ng4 19. Qf3 Bf6 20. Bd2 b5 21. Rae1
bxc4 22. bxc4 Ne5 23. Qf4 Rc8 24. Bxf5 gxf5 25. Qxf5 Nf3+ 26. Kh1 Nxd2 27. Rf4
Bxc3 28. Qe6+ Kh8 29. Rf7 Rxf7 30. Qxf7 Qf8 0-1